[Event "British Rapidplay Championship 2023"]
[Site "Mercure Bradford, Bankfield Hotel"]
[Date "2023.04.15"]
[Round "3.33"]
[White "Bowmer, James"]
[Black "Rogowski, Rafal"]
[Result "0-1"]
[TimeControl "All moves in 15 minutes plus 10 second increment per move from move 1"]
[WhiteElo "1531"]
[BlackElo "1291"]

1. e4 {[%clk 00:15:17]} {[%emt 00:00:03]} e6 {[%clk 00:15:18]} {[%emt
00:00:03]} 2. Nc3 {[%clk 00:15:24]} {[%emt 00:00:02]} d5 {[%clk 00:15:26]}
{[%emt 00:00:02]} 3. Nf3 {[%clk 00:15:32]} {[%emt 00:00:02]} c5 {[%clk
00:15:34]} {[%emt 00:00:03]} 4. d4 {[%clk 00:14:55]} {[%emt 00:00:47]} Nc6
{[%clk 00:14:38]} {[%emt 00:01:05]} 5. Bb5 {[%clk 00:14:50]} {[%emt 00:00:16]}
a6 {[%clk 00:14:09]} {[%emt 00:00:39]} 6. exd5 {[%clk 00:14:27]} {[%emt
00:00:33]} exd5 {[%clk 00:14:15]} {[%emt 00:00:03]} 7. Bxc6+ {[%clk 00:14:19]}
{[%emt 00:00:18]} bxc6 {[%clk 00:14:23]} {[%emt 00:00:03]} 8. O-O {[%clk
00:14:21]} {[%emt 00:00:07]} Bd6 {[%clk 00:14:11]} {[%emt 00:00:22]} 9. dxc5
{[%clk 00:14:05]} {[%emt 00:00:26]} Bxc5 {[%clk 00:14:18]} {[%emt 00:00:03]} 10.
Re1+ {[%clk 00:14:04]} {[%emt 00:00:12]} Ne7 {[%clk 00:14:27]} {[%emt
00:00:02]} 11. Be3 {[%clk 00:13:34]} {[%emt 00:00:39]} Bd6 {[%clk 00:14:24]}
{[%emt 00:00:12]} 12. Qd2 {[%clk 00:11:28]} {[%emt 00:02:17]} Qc7 {[%clk
00:14:17]} {[%emt 00:00:17]} 13. Rad1 {[%clk 00:11:15]} {[%emt 00:00:23]} O-O
{[%clk 00:14:24]} {[%emt 00:00:03]} 14. g3 {[%clk 00:10:01]} {[%emt 00:01:24]}
Bg4 {[%clk 00:14:08]} {[%emt 00:00:26]} 15. Kg2 {[%clk 00:08:59]} {[%emt
00:01:11]} h5 {[%clk 00:13:08]} {[%emt 00:01:10]} 16. h3 {[%clk 00:08:35]}
{[%emt 00:00:35]} Bxf3+ {[%clk 00:12:14]} {[%emt 00:01:03]} 17. Kxf3 {[%clk
00:08:41]} {[%emt 00:00:04]} Rfe8 {[%clk 00:11:54]} {[%emt 00:00:30]} 18. Bf4
{[%clk 00:07:20]} {[%emt 00:01:31]} Ng6 {[%clk 00:10:58]} {[%emt 00:01:06]} 19.
Bxd6 {[%clk 00:07:14]} {[%emt 00:00:17]} Qxd6 {[%clk 00:11:04]} {[%emt
00:00:04]} 20. Re2 {[%clk 00:06:11]} {[%emt 00:01:12]} Ne5+ {[%clk 00:09:11]}
{[%emt 00:02:03]} 21. Kg2 {[%clk 00:05:59]} {[%emt 00:00:22]} Nc4 {[%clk
00:09:07]} {[%emt 00:00:13]} 22. Qg5 {[%clk 00:04:51]} {[%emt 00:01:20]} Rxe2
{[%clk 00:09:03]} {[%emt 00:00:13]} 23. Nxe2 {[%clk 00:04:58]} {[%emt
00:00:03]} g6 {[%clk 00:08:22]} {[%emt 00:00:51]} 24. b3 {[%clk 00:04:32]}
{[%emt 00:00:37]} Ne5 {[%clk 00:06:38]} {[%emt 00:01:54]} 25. c4 {[%clk
00:04:27]} {[%emt 00:00:15]} Rd8 {[%clk 00:05:05]} {[%emt 00:01:43]} 26. c5
{[%clk 00:03:08]} {[%emt 00:01:29]} Qc7 {[%clk 00:04:31]} {[%emt 00:00:38]} 27.
Nf4 {[%clk 00:02:28]} {[%emt 00:00:55]} Kg7 {[%clk 00:04:17]} {[%emt 00:00:25]}
28. Nxh5+ {[%clk 00:02:31]} {[%emt 00:00:06]} Kg8 {[%clk 00:03:45]} {[%emt
00:00:41]} 29. Re1 {[%clk 00:01:28]} {[%emt 00:01:15]} Nd3 {[%clk 00:02:58]}
{[%emt 00:00:57]} 30. Nf6+ {[%clk 00:00:57]} {[%emt 00:00:41]} Kg7 {[%clk
00:02:55]} {[%emt 00:00:13]} 31. Re7 {[%clk 00:00:47]} {[%emt 00:00:20]} Qc8
{[%clk 00:02:23]} {[%emt 00:00:43]} 32. Qxg6+ {[%clk 00:00:38]} {[%emt
00:00:18]} Kxg6 {[%clk 00:02:28]} {[%emt 00:00:05]} 0-1

[Event "British Rapidplay Championship 2023"]
[Site "Mercure Bradford, Bankfield Hotel"]
[Date "2023.04.15"]
[Round "3.34"]
[White "Appleyard, Tim"]
[Black "Cradock, Samir"]
[Result "0-1"]
[TimeControl "All moves in 15 minutes plus 10 second increment per move from move 1"]
[WhiteElo "1139"]
[BlackElo "1530"]

1. e4 {[%clk 00:15:18]} {[%emt 00:00:02]} e5 {[%clk 00:15:19]} {[%emt
00:00:02]} 2. Bc4 {[%clk 00:15:26]} {[%emt 00:00:03]} Nc6 {[%clk 00:15:20]}
{[%emt 00:00:08]} 3. d3 {[%clk 00:15:32]} {[%emt 00:00:03]} h6 {[%clk
00:15:27]} {[%emt 00:00:03]} 4. f4 {[%clk 00:15:33]} {[%emt 00:00:08]} exf4
{[%clk 00:15:18]} {[%emt 00:00:20]} 5. Bxf4 {[%clk 00:15:41]} {[%emt 00:00:03]}
d6 {[%clk 00:14:32]} {[%emt 00:00:55]} 6. Nf3 {[%clk 00:15:15]} {[%emt
00:00:36]} Bg4 {[%clk 00:14:30]} {[%emt 00:00:12]} 7. h3 {[%clk 00:15:13]}
{[%emt 00:00:12]} Bxf3 {[%clk 00:14:10]} {[%emt 00:00:30]} 8. Qxf3 {[%clk
00:15:16]} {[%emt 00:00:07]} Nd4 {[%clk 00:14:17]} {[%emt 00:00:03]} 9. Qf2
{[%clk 00:15:05]} {[%emt 00:00:21]} Ne6 {[%clk 00:13:43]} {[%emt 00:00:44]} 10.
O-O {[%clk 00:14:44]} {[%emt 00:00:31]} Nf6 {[%clk 00:12:30]} {[%emt 00:01:23]}
11. Nd2 {[%clk 00:14:33]} {[%emt 00:00:21]} Qd7 {[%clk 00:12:22]} {[%emt
00:00:18]} 12. e5 {[%clk 00:14:02]} {[%emt 00:00:41]} dxe5 {[%clk 00:12:20]}
{[%emt 00:00:12]} 13. Bxe5 {[%clk 00:13:53]} {[%emt 00:00:19]} Bc5 {[%clk
00:11:55]} {[%emt 00:00:35]} 14. d4 {[%clk 00:13:29]} {[%emt 00:00:33]} Bxd4
{[%clk 00:11:53]} {[%emt 00:00:13]} 15. Bxd4 {[%clk 00:13:28]} {[%emt
00:00:11]} Qxd4 {[%clk 00:11:52]} {[%emt 00:00:11]} 16. Qxd4 {[%clk 00:13:07]}
{[%emt 00:00:32]} Nxd4 {[%emt 00:00:11]} 17. Rae1+ {[%clk 00:13:07]} Kd7 {[%clk
00:10:37]} {[%emt 00:01:33]} 18. Ne4 {[%clk 00:12:34]} {[%emt 00:00:43]} Ne6
{[%clk 00:08:01]} {[%emt 00:02:46]} 19. Rd1+ {[%clk 00:11:06]} {[%emt
00:01:38]} Ke7 {[%clk 00:07:53]} {[%emt 00:00:18]} 20. Bxe6 {[%clk 00:09:06]}
{[%emt 00:02:10]} fxe6 {[%clk 00:07:22]} {[%emt 00:00:41]} 21. Rde1 {[%clk
00:06:37]} {[%emt 00:02:40]} Rad8 {[%clk 00:06:55]} {[%emt 00:00:36]} 22. Re3
{[%clk 00:06:38]} {[%emt 00:00:09]} b6 {[%clk 00:06:11]} {[%emt 00:00:54]} 23.
c3 {[%clk 00:05:42]} {[%emt 00:01:07]} Rhf8 {[%clk 00:05:32]} {[%emt 00:00:48]}
24. Rfe1 {[%clk 00:05:41]} {[%emt 00:00:12]} Nd5 {[%clk 00:04:59]} {[%emt
00:00:42]} 25. R3e2 {[%clk 00:04:41]} {[%emt 00:01:11]} Nf4 {[%clk 00:04:55]}
{[%emt 00:00:13]} 26. Re3 {[%clk 00:03:41]} {[%emt 00:01:10]} Rd3 {[%clk
00:03:25]} {[%emt 00:01:39]} 27. Nf2 {[%clk 00:03:02]} {[%emt 00:00:50]} Rxe3
{[%clk 00:02:32]} {[%emt 00:01:03]} 28. Rxe3 {[%clk 00:03:08]} {[%emt
00:00:05]} Rd8 {[%clk 00:02:38]} {[%emt 00:00:04]} 29. g3 {[%clk 00:03:12]}
{[%emt 00:00:06]} Ng6 {[%clk 00:02:39]} {[%emt 00:00:08]} 30. h4 {[%clk
00:02:49]} {[%emt 00:00:33]} Rd2 {[%clk 00:02:39]} {[%emt 00:00:10]} 31. h5
{[%clk 00:02:46]} {[%emt 00:00:13]} Nf8 {[%clk 00:02:44]} {[%emt 00:00:05]} 32.
Ne4 {[%clk 00:02:41]} {[%emt 00:00:16]} Rxb2 {[%clk 00:02:46]} {[%emt
00:00:07]} 33. a4 {[%clk 00:02:35]} {[%emt 00:00:16]} Ra2 {[%clk 00:02:41]}
{[%emt 00:00:15]} 34. g4 {[%clk 00:02:26]} {[%emt 00:00:19]} Rxa4 {[%clk
00:02:42]} {[%emt 00:00:09]} 35. g5 {[%clk 00:02:33]} {[%emt 00:00:03]} hxg5
{[%clk 00:02:47]} {[%emt 00:00:05]} 36. Nxg5 {[%clk 00:02:41]} {[%emt
00:00:02]} Rg4+ {[%clk 00:02:55]} {[%emt 00:00:02]} 37. Kh2 {[%clk 00:01:14]}
{[%emt 00:01:37]} Rxg5 {[%clk 00:03:04]} {[%emt 00:00:02]} 38. Kh3 {[%clk
00:01:21]} {[%emt 00:00:03]} Rxh5+ {[%clk 00:03:12]} {[%emt 00:00:01]} 39. Kg4
{[%clk 00:01:30]} {[%emt 00:00:02]} Rf5 {[%clk 00:03:14]} {[%emt 00:00:07]} 40.
Rf3 {[%clk 00:01:23]} {[%emt 00:00:17]} Rxf3 {[%clk 00:03:18]} {[%emt
00:00:06]} 41. Kxf3 {[%emt 00:00:01]} a5 {[%clk 00:03:27]} {[%emt 00:00:02]} 42.
Ke3 {[%clk 00:01:33]} {[%emt 00:00:09]} a4 {[%clk 00:03:36]} 43. Kd2 {[%clk
00:01:42]} {[%emt 00:00:01]} g5 {[%clk 00:03:44]} {[%emt 00:00:01]} 44. c4
{[%clk 00:01:42]} {[%emt 00:00:11]} a3 {[%clk 00:03:52]} {[%emt 00:00:02]} 45.
Kc2 {[%clk 00:01:51]} {[%emt 00:00:01]} g4 {[%clk 00:04:01]} {[%emt 00:00:01]}
46. Kb3 {[%clk 00:01:56]} {[%emt 00:00:05]} g3 {[%clk 00:04:09]} {[%emt
00:00:01]} 47. Kxa3 {[%emt 00:00:02]} g2 {[%clk 00:04:15]} {[%emt 00:00:03]} 48.
Kb4 {[%clk 00:02:04]} {[%emt 00:00:11]} g1=Q {[%clk 00:04:21]} {[%emt
00:00:04]} 49. c5 {[%clk 00:02:10]} {[%emt 00:00:04]} Qxc5+ {[%clk 00:04:28]}
{[%emt 00:00:03]} 50. Kb3 {[%clk 00:02:18]} {[%emt 00:00:02]} Kd6 {[%clk
00:04:29]} {[%emt 00:00:10]} 51. Ka4 {[%clk 00:02:25]} {[%emt 00:00:02]} b5+
{[%clk 00:04:19]} {[%emt 00:00:21]} 52. Ka5 {[%clk 00:02:33]} {[%emt 00:00:02]}
b4+ {[%clk 00:04:11]} {[%emt 00:00:16]} 53. Ka4 {[%clk 00:02:38]} {[%emt
00:00:06]} Qc4 {[%clk 00:04:05]} {[%emt 00:00:16]} 54. Ka5 {[%clk 00:02:43]}
{[%emt 00:00:05]} c5 {[%clk 00:03:25]} {[%emt 00:00:50]} 55. Ka4 {[%clk
00:02:45]} {[%emt 00:00:09]} b3+ {[%clk 00:03:25]} {[%emt 00:00:09]} 56. Ka3
{[%clk 00:02:53]} {[%emt 00:00:02]} Qc2 {[%clk 00:03:09]} {[%emt 00:00:26]} 57.
Ka4 {[%clk 00:02:56]} {[%emt 00:00:07]} Kc6 {[%clk 00:02:59]} {[%emt 00:00:19]}
58. Ka3 {[%clk 00:03:00]} {[%emt 00:00:07]} Qa2# {[%clk 00:03:06]} {[%emt
00:00:03]} 0-1

[Event "British Rapidplay Championship 2023"]
[Site "Mercure Bradford, Bankfield Hotel"]
[Date "2023.04.15"]
[Round "3.35"]
[White "Railwani, Tavish"]
[Black "Hutchinson, Stephen A"]
[Result "1-0"]
[TimeControl "All moves in 15 minutes plus 10 second increment per move from move 1"]
[WhiteElo "1517"]
[BlackElo "1142"]

1. e4 {[%clk 00:15:14]} {[%emt 00:00:07]} e5 {[%clk 00:15:16]} {[%emt
00:00:04]} 2. Nf3 {[%clk 00:15:19]} {[%emt 00:00:05]} Nc6 {[%clk 00:15:21]}
{[%emt 00:00:05]} 3. Bc4 {[%clk 00:15:26]} {[%emt 00:00:04]} Bc5 {[%clk
00:15:27]} {[%emt 00:00:03]} 4. O-O {[%clk 00:15:20]} {[%emt 00:00:16]} Nf6
{[%clk 00:15:34]} {[%emt 00:00:02]} 5. d3 {[%clk 00:15:29]} {[%emt 00:00:02]}
d6 {[%clk 00:15:41]} {[%emt 00:00:03]} 6. h3 {[%clk 00:15:37]} {[%emt
00:00:02]} h6 {[%clk 00:15:48]} {[%emt 00:00:03]} 7. Be3 {[%clk 00:15:44]}
{[%emt 00:00:03]} O-O {[%clk 00:15:52]} {[%emt 00:00:05]} 8. Bxc5 {[%clk
00:15:47]} {[%emt 00:00:08]} dxc5 {[%clk 00:15:57]} {[%emt 00:00:04]} 9. Nc3
{[%clk 00:15:53]} {[%emt 00:00:04]} Be6 {[%clk 00:16:00]} {[%emt 00:00:08]} 10.
Bxe6 {[%clk 00:15:21]} {[%emt 00:00:41]} fxe6 {[%clk 00:16:06]} {[%emt
00:00:04]} 11. Na4 {[%clk 00:14:56]} {[%emt 00:00:36]} b6 {[%clk 00:16:10]}
{[%emt 00:00:05]} 12. Nc3 {[%clk 00:14:14]} {[%emt 00:00:53]} Nd4 {[%clk
00:16:17]} {[%emt 00:00:03]} 13. Nxe5 {[%clk 00:13:20]} {[%emt 00:01:04]} Nd7
{[%clk 00:16:16]} {[%emt 00:00:10]} 14. Nxd7 {[%clk 00:12:50]} {[%emt
00:00:39]} Qxd7 {[%clk 00:16:24]} {[%emt 00:00:05]} 15. Ne2 {[%clk 00:12:28]}
{[%emt 00:00:31]} Qf7 {[%clk 00:16:21]} {[%emt 00:00:12]} 16. Nxd4 {[%clk
00:12:06]} {[%emt 00:00:33]} cxd4 {[%clk 00:16:28]} {[%emt 00:00:02]} 17. c3
{[%clk 00:11:40]} {[%emt 00:00:37]} dxc3 {[%clk 00:16:28]} {[%emt 00:00:09]} 18.
bxc3 {[%clk 00:11:46]} {[%emt 00:00:05]} Rad8 {[%clk 00:16:26]} {[%emt
00:00:12]} 19. Qc2 {[%clk 00:11:40]} {[%emt 00:00:16]} c5 {[%clk 00:16:27]}
{[%emt 00:00:09]} 20. Rfd1 {[%clk 00:10:48]} {[%emt 00:01:01]} Qg6 {[%clk
00:16:25]} {[%emt 00:00:10]} 21. Qe2 {[%clk 00:10:00]} {[%emt 00:01:01]} Rf7
{[%clk 00:16:29]} {[%emt 00:00:06]} 22. Rab1 {[%clk 00:09:44]} {[%emt
00:00:26]} Rdf8 {[%clk 00:16:36]} {[%emt 00:00:03]} 23. Rf1 {[%clk 00:09:51]}
{[%emt 00:00:02]} Qg5 {[%clk 00:16:35]} {[%emt 00:00:11]} 24. c4 {[%clk
00:07:51]} {[%emt 00:02:11]} Qh4 {[%clk 00:16:39]} {[%emt 00:00:05]} 25. Rb3
{[%clk 00:06:15]} {[%emt 00:01:47]} Rxf2 {[%clk 00:16:36]} {[%emt 00:00:13]} 26.
Rxf2 {[%clk 00:06:13]} {[%emt 00:00:12]} Rxf2 {[%clk 00:16:36]} {[%emt
00:00:10]} 27. Qxf2 {[%clk 00:06:16]} {[%emt 00:00:06]} Qxf2+ {[%clk 00:16:38]}
{[%emt 00:00:08]} 28. Kxf2 {[%clk 00:06:23]} {[%emt 00:00:04]} g5 {[%clk
00:16:41]} {[%emt 00:00:05]} 29. Ra3 {[%clk 00:06:31]} {[%emt 00:00:03]} a5
{[%clk 00:16:47]} {[%emt 00:00:04]} 30. Rb3 {[%clk 00:06:40]} {[%emt 00:00:02]}
Kf7 {[%clk 00:16:52]} {[%emt 00:00:05]} 31. Rxb6 {[%clk 00:06:44]} {[%emt
00:00:04]} Kf6 {[%clk 00:16:58]} {[%emt 00:00:05]} 32. Rb5 {[%clk 00:06:50]}
{[%emt 00:00:05]} Ke5 {[%clk 00:17:05]} {[%emt 00:00:03]} 33. Ke3 {[%clk
00:06:53]} {[%emt 00:00:06]} Kd6 {[%clk 00:17:10]} {[%emt 00:00:06]} 34. Rxa5
{[%clk 00:07:00]} {[%emt 00:00:02]} e5 {[%clk 00:17:17]} {[%emt 00:00:04]} 35.
Rb5 {[%clk 00:07:08]} {[%emt 00:00:03]} h5 {[%clk 00:17:13]} {[%emt 00:00:13]}
36. a4 {[%clk 00:07:17]} {[%emt 00:00:02]} Ke6 {[%clk 00:17:13]} {[%emt
00:00:09]} 37. a5 {[%clk 00:07:25]} {[%emt 00:00:02]} Kf6 {[%clk 00:17:21]}
{[%emt 00:00:02]} 38. a6 {[%clk 00:07:34]} {[%emt 00:00:02]} g4 {[%clk
00:17:28]} {[%emt 00:00:02]} 39. a7 {[%clk 00:07:36]} {[%emt 00:00:07]} gxh3
{[%clk 00:17:35]} {[%emt 00:00:03]} 40. gxh3 {[%clk 00:07:43]} {[%emt
00:00:04]} Kg5 {[%clk 00:17:41]} {[%emt 00:00:03]} 41. a8=Q {[%clk 00:07:48]}
{[%emt 00:00:06]} Kh4 {[%clk 00:17:48]} {[%emt 00:00:02]} 42. Rb2 {[%clk
00:07:53]} {[%emt 00:00:06]} Kxh3 {[%clk 00:17:54]} {[%emt 00:00:04]} 43. Qg8
{[%clk 00:07:58]} {[%emt 00:00:04]} h4 {[%clk 00:17:57]} {[%emt 00:00:07]} 44.
Qg2 {[%clk 00:07:51]} {[%emt 00:00:04]} 1-0

[ePGN "0.1;DGT LiveChess/2.2.5"]

[Event "British Rapidplay Championship 2023"]
[Site "Mercure Bradford, Bankfield Hotel"]
[Date "2023.04.15"]
[Round "4.1"]
[White "Johnson, Simon"]
[Black "Brencher, Paul"]
[Result "1-0"]
[TimeControl "All moves in 15 minutes plus 10 second increment per move from move 1"]
[WhiteElo "1834"]
[BlackElo "2022"]

1. d4 {[%clk 00:15:19]} {[%emt 00:00:01]} d6 {[%clk 00:15:03]} {[%emt
00:00:18]} 2. e4 {[%clk 00:15:21]} {[%emt 00:00:08]} Nf6 {[%clk 00:15:08]}
{[%emt 00:00:04]} 3. Bd3 {[%clk 00:15:21]} {[%emt 00:00:10]} Nc6 {[%clk
00:15:11]} {[%emt 00:00:07]} 4. c3 {[%clk 00:15:15]} {[%emt 00:00:16]} e5
{[%clk 00:15:17]} {[%emt 00:00:04]} 5. d5 {[%clk 00:15:10]} {[%emt 00:00:15]}
Ne7 {[%clk 00:15:24]} {[%emt 00:00:02]} 6. Ne2 {[%clk 00:14:21]} {[%emt
00:00:59]} g6 {[%clk 00:15:11]} {[%emt 00:00:23]} 7. O-O {[%clk 00:14:24]}
{[%emt 00:00:08]} Bg7 {[%clk 00:15:20]} 8. f3 {[%clk 00:13:53]} {[%emt
00:00:40]} O-O {[%clk 00:15:14]} {[%emt 00:00:16]} 9. Be3 {[%clk 00:14:00]}
{[%emt 00:00:03]} Nd7 {[%clk 00:13:14]} {[%emt 00:02:11]} 10. c4 {[%clk
00:13:27]} {[%emt 00:00:43]} f5 {[%clk 00:12:30]} {[%emt 00:00:54]} 11. Nbc3
{[%clk 00:13:30]} {[%emt 00:00:07]} f4 {[%clk 00:11:45]} {[%emt 00:00:55]} 12.
Bf2 {[%clk 00:13:38]} {[%emt 00:00:02]} g5 {[%clk 00:11:53]} {[%emt 00:00:02]}
13. Kh1 {[%clk 00:12:14]} {[%emt 00:01:34]} Ng6 {[%clk 00:10:58]} {[%emt
00:01:05]} 14. b4 {[%clk 00:12:05]} {[%emt 00:00:19]} h5 {[%clk 00:10:02]}
{[%emt 00:01:06]} 15. Ng1 {[%clk 00:12:02]} {[%emt 00:00:12]} Nf6 {[%clk
00:09:49]} {[%emt 00:00:23]} 16. c5 {[%clk 00:11:53]} {[%emt 00:00:20]} g4
{[%clk 00:09:40]} {[%emt 00:00:18]} 17. cxd6 {[%clk 00:11:32]} {[%emt
00:00:31]} cxd6 {[%clk 00:09:42]} {[%emt 00:00:08]} 18. Rc1 {[%clk 00:11:14]}
{[%emt 00:00:28]} Rf7 {[%clk 00:09:30]} {[%emt 00:00:23]} 19. Be2 {[%clk
00:10:45]} {[%emt 00:00:38]} Bh6 {[%clk 00:08:22]} {[%emt 00:01:19]} 20. Nb5
{[%clk 00:10:30]} {[%emt 00:00:25]} g3 {[%clk 00:06:56]} {[%emt 00:01:35]} 21.
Be1 {[%clk 00:09:44]} {[%emt 00:00:56]} a6 {[%clk 00:06:36]} {[%emt 00:00:30]}
22. Na3 {[%clk 00:09:27]} {[%emt 00:00:28]} gxh2 {[%clk 00:06:16]} {[%emt
00:00:30]} 23. Kxh2 {[%clk 00:08:49]} {[%emt 00:00:47]} Bg5 {[%clk 00:04:37]}
{[%emt 00:01:50]} 24. Nh3 {[%clk 00:08:44]} {[%emt 00:00:14]} Nh7 {[%clk
00:02:44]} {[%emt 00:02:04]} 25. Rg1 {[%clk 00:08:30]} {[%emt 00:00:24]} Bh4
{[%clk 00:02:13]} {[%emt 00:00:41]} 26. Nc4 {[%clk 00:07:26]} {[%emt 00:01:14]}
Kh8 {[%clk 00:02:08]} {[%emt 00:00:15]} 27. Bxh4 {[%clk 00:07:19]} {[%emt
00:00:16]} Qxh4 {[%clk 00:01:14]} {[%emt 00:01:04]} 28. Qe1 {[%clk 00:07:23]}
{[%emt 00:00:06]} Qd8 {[%clk 00:01:04]} {[%emt 00:00:20]} 29. Qf2 {[%clk
00:07:23]} {[%emt 00:00:10]} b5 {[%clk 00:00:51]} {[%emt 00:00:23]} 30. Nb6
{[%clk 00:06:33]} {[%emt 00:01:00]} Rb8 {[%clk 00:00:53]} {[%emt 00:00:08]} 31.
Nxc8 {[%clk 00:06:06]} {[%emt 00:00:38]} Rxc8 {[%clk 00:01:02]} {[%emt
00:00:01]} 32. a4 {[%clk 00:05:53]} {[%emt 00:00:23]} Rfc7 {[%clk 00:00:28]}
{[%emt 00:00:44]} 33. Rxc7 {[%clk 00:05:50]} {[%emt 00:00:13]} Qxc7 {[%clk
00:00:37]} {[%emt 00:00:01]} 34. axb5 {[%clk 00:05:47]} {[%emt 00:00:13]} axb5
{[%clk 00:00:46]} 35. Bxb5 {[%clk 00:05:48]} {[%emt 00:00:08]} Rb8 {[%clk
00:00:40]} {[%emt 00:00:17]} 36. Qe2 {[%clk 00:04:32]} {[%emt 00:01:26]} Qb6
{[%clk 00:00:43]} {[%emt 00:00:07]} 37. Bc6 {[%clk 00:04:26]} {[%emt 00:00:16]}
Qxb4 {[%clk 00:00:42]} {[%emt 00:00:12]} 38. Ra1 {[%clk 00:04:30]} {[%emt
00:00:05]} Nf6 {[%clk 00:00:20]} {[%emt 00:00:32]} 39. Ng5 {[%clk 00:04:21]}
{[%emt 00:00:20]} Kg7 {[%emt 00:00:17]} 40. Ra7+ {[%clk 00:04:25]} {[%emt
00:00:05]} Kg8 {[%clk 00:00:20]} {[%emt 00:00:04]} 41. Ne6 {[%clk 00:04:15]}
{[%emt 00:00:20]} h4 {[%clk 00:00:15]} {[%emt 00:00:15]} 42. Rg7+ {[%clk
00:04:22]} {[%emt 00:00:03]} Kh8 {[%clk 00:00:20]} {[%emt 00:00:05]} 43. Rxg6
{[%clk 00:04:31]} Qb1 {[%clk 00:00:11]} {[%emt 00:00:19]} 44. Rxf6 {[%clk
00:04:26]} {[%emt 00:00:14]} Rb2 {[%emt 00:00:12]} 45. Rh6+ {[%clk 00:04:22]}
{[%emt 00:00:12]} Kg8 {[%clk 00:00:20]} {[%emt 00:00:02]} 46. Rg6+ {[%clk
00:04:29]} {[%emt 00:00:02]} Kh8 {[%clk 00:00:29]} {[%emt 00:00:02]} 47. Qa6
{[%clk 00:04:31]} {[%emt 00:00:08]} Rxg2+ {[%clk 00:00:11]} {[%emt 00:00:27]}
48. Rxg2 {[%clk 00:04:39]} {[%emt 00:00:03]} h3 {[%clk 00:00:11]} {[%emt
00:00:10]} 49. Qc8+ {[%clk 00:04:47]} {[%emt 00:00:02]} Kh7 {[%clk 00:00:19]}
{[%emt 00:00:02]} 50. Qg8+ {[%clk 00:04:54]} {[%emt 00:00:02]} Kh6 {[%clk
00:00:27]} {[%emt 00:00:02]} 51. Qg6# {[%clk 00:04:47]} {[%emt 00:00:04]} 1-0

[Event "British Rapidplay Championship 2023"]
[Site "Mercure Bradford, Bankfield Hotel"]
[Date "2023.04.15"]
[Round "4.2"]
[White "Hryshchenko, Kamila"]
[Black "Holliday, John K"]
[Result "1-0"]
[TimeControl "All moves in 15 minutes plus 10 second increment per move from move 1"]
[WhiteElo "2019"]
[BlackElo "1832"]

1. e4 {[%clk 00:15:18]} {[%emt 00:00:01]} d5 {[%clk 00:15:10]} {[%emt
00:00:10]} 2. exd5 {[%clk 00:15:20]} {[%emt 00:00:08]} Nf6 {[%clk 00:15:19]}
{[%emt 00:00:02]} 3. d4 {[%clk 00:15:27]} {[%emt 00:00:03]} Bg4 {[%clk
00:15:24]} {[%emt 00:00:05]} 4. f3 {[%clk 00:15:16]} {[%emt 00:00:20]} Bf5
{[%clk 00:15:32]} {[%emt 00:00:02]} 5. Bb5+ {[%clk 00:15:07]} {[%emt 00:00:19]}
Nbd7 {[%clk 00:15:36]} {[%emt 00:00:06]} 6. Ne2 {[%clk 00:15:08]} {[%emt
00:00:09]} e6 {[%clk 00:15:07]} {[%emt 00:00:40]} 7. dxe6 {[%clk 00:14:14]}
{[%emt 00:01:04]} Bxe6 {[%clk 00:15:06]} {[%emt 00:00:10]} 8. Nbc3 {[%clk
00:14:11]} {[%emt 00:00:13]} c6 {[%clk 00:14:50]} {[%emt 00:00:26]} 9. Bd3
{[%clk 00:14:13]} {[%emt 00:00:08]} Bb4 {[%clk 00:14:41]} {[%emt 00:00:20]} 10.
a3 {[%clk 00:13:56]} {[%emt 00:00:27]} Ba5 {[%clk 00:14:44]} {[%emt 00:00:07]}
11. Bg5 {[%clk 00:13:39]} {[%emt 00:00:26]} O-O {[%clk 00:14:40]} {[%emt
00:00:15]} 12. O-O {[%clk 00:12:32]} {[%emt 00:01:17]} Bb6 {[%clk 00:14:44]}
{[%emt 00:00:06]} 13. Ne4 {[%clk 00:11:52]} {[%emt 00:00:50]} h6 {[%clk
00:13:40]} {[%emt 00:01:14]} 14. Bh4 {[%clk 00:11:59]} {[%emt 00:00:02]} g5
{[%clk 00:13:49]} {[%emt 00:00:02]} 15. Bf2 {[%clk 00:11:58]} {[%emt 00:00:11]}
Nxe4 {[%clk 00:12:42]} {[%emt 00:01:17]} 16. fxe4 {[%clk 00:11:54]} {[%emt
00:00:14]} Bg4 {[%clk 00:12:33]} {[%emt 00:00:19]} 17. Qd2 {[%clk 00:11:26]}
{[%emt 00:00:37]} Nf6 {[%clk 00:12:02]} {[%emt 00:00:41]} 18. c3 {[%clk
00:10:56]} {[%emt 00:00:41]} Bc7 {[%clk 00:11:05]} {[%emt 00:01:06]} 19. h3
{[%clk 00:08:03]} {[%emt 00:03:03]} Bxe2 {[%clk 00:09:16]} {[%emt 00:02:00]} 20.
Qxe2 {[%clk 00:08:08]} {[%emt 00:00:04]} Re8 {[%clk 00:08:57]} {[%emt
00:00:30]} 21. e5 {[%clk 00:07:46]} {[%emt 00:00:31]} Qd5 {[%clk 00:07:08]}
{[%emt 00:01:59]} 22. c4 {[%clk 00:07:22]} {[%emt 00:00:33]} Qe6 {[%clk
00:06:55]} {[%emt 00:00:24]} 23. Qf3 {[%clk 00:07:25]} {[%emt 00:00:07]} Nh7
{[%clk 00:05:55]} {[%emt 00:01:11]} 24. Rae1 {[%clk 00:06:48]} {[%emt
00:00:46]} Rf8 {[%clk 00:05:43]} {[%emt 00:00:22]} 25. d5 {[%clk 00:06:40]}
{[%emt 00:00:18]} cxd5 {[%clk 00:05:30]} {[%emt 00:00:24]} 26. cxd5 {[%clk
00:06:48]} {[%emt 00:00:02]} Qd7 {[%clk 00:05:27]} {[%emt 00:00:12]} 27. Bd4
{[%clk 00:06:11]} {[%emt 00:00:46]} Rae8 {[%clk 00:05:22]} {[%emt 00:00:16]} 28.
Bxh7+ {[%clk 00:06:01]} {[%emt 00:00:20]} Kxh7 {[%clk 00:05:29]} {[%emt
00:00:03]} 29. Qd3+ {[%clk 00:06:07]} {[%emt 00:00:04]} Kg8 {[%clk 00:05:36]}
{[%emt 00:00:04]} 30. e6 {[%clk 00:05:50]} {[%emt 00:00:26]} Qxd5 {[%clk
00:05:33]} {[%emt 00:00:13]} 31. exf7+ {[%clk 00:05:47]} {[%emt 00:00:14]} Rxf7
{[%clk 00:05:01]} {[%emt 00:00:42]} 32. Re5 {[%emt 00:00:04]} Ree7 33. Rxe7
{[%clk 00:05:52]} 1-0